00504nam a2200193 i 4500001000400000100001900004245005300023260004000076300002600116490003600142504001200178650002100190830002500211040000800236041000800244044000800252080000900260008004100269bgj1 aVOSSLER, Karl.1 aGeist und Kultur in der Sprache /cKarl Vossler. aMünchen :bDobbeck Verlag,c1960. a204, [1] s. ;c19 cm. aWissen der GegenwartvBd. 13/14 aIndeks. aJęzykoznawstwo aWissen der Gegenwart cBPK0 ager aDEU a81'1 s gw f |000 0 ger